| 000 | 00981nam a22003137a 4500 | ||
|---|---|---|---|
| 003 | CHAP | ||
| 005 | 20220817042926.0 | ||
| 008 | 971013s1995 r 00010 d | ||
| 010 | _a60007 | ||
| 011 | _a60979 | ||
| 035 | _a65143 | ||
| 040 | _cCHAP | ||
| 082 |
_a636.085 _bD54 |
||
| 100 | 0 | 0 |
_aD'Mello, J. P. F. _eed. _930850 |
| 245 | _aTropical legumes in animal nutrition | ||
| 260 |
_aOxon : _bCAB International, _c1995 |
||
| 300 | _a338 p. | ||
| 590 |
_aBATCH-UPD _b10 _c20130110 _lUCH01 _h0651 |
||
| 590 |
_aBATCH-UPD _b10 _c20130410 _lUCH01 _h0336 |
||
| 590 |
_aBATCH-UPD _b10 _c20130914 _lUCH01 _h1134 |
||
| 590 |
_aCONVERSION _b10 _c20130109 _lUCH01 _h1332 |
||
| 650 | 1 | 4 |
_aAlimentos y alimentacion del ganado. _94326 |
| 650 | 1 | 4 |
_aLeguminosas _xValor nutritivo. _965853 |
| 650 | 1 | 4 | _aNutrición animal. |
| 700 | 0 |
_aDevendra, C. _eed. _932305 |
|
| 901 | _aBK | ||
| 942 | _cLIBRO | ||
| 949 |
_a636.085 D54 _bBC _cLIBRO _d33724000084240 _eLIBRO _gI. 181539 _h90431 _i65143 _si _t886.00 |
||
| 999 |
_c60007 _d60007 |
||